Statistics for Wars Involving India

Click here to take the quiz!

General Stats

  • This quiz has been taken 42 times
  • The average score is 11 of 24

Answer Stats

YearIndian GovernmentOpponentResultAnswer% Correct
1944-1945Azad HindAllied PowersDefeatWorld War Two
75%
1999Republic of IndiaPakistanVictoryKargil War
69%
1947-1948Dominion of IndiaPakistan
Furqan Force
Compromise1st Indo-Pakistani War
67%
1965Republic of IndiaPakistanCompromise2nd Indo-Pakistani War
67%
1971Republic of IndiaPakistanVictoryBangladesh Liberation War
67%
1989-PresentRepublic of IndiaRebels in Kashmir & JammuOngoingInsurgency in Jammu & Kashmir
67%
1954-PresentRepublic of IndiaRebelsOngoingInsurgency in Northeast India
67%
1984-1995Republic of IndiaKhalistani RebelsVictoryInsurgency in Punjab
67%
1967-PresentRepublic of IndiaCommunistsOngoingNaxalite-Maoist Insurgency
67%
1984-2003Republic of IndiaPakistanVictorySiachen Conflict
67%
1962Republic of IndiaChinaDefeat1st Sino-Indian War
64%
1967Republic of IndiaChinaVictoryNathu La & Cho La Clashes
64%
1987-1989Republic of IndiaSri Lankan CommunistsVictory2nd JVP Insurrection
50%
1987-1990Republic of IndiaSri Lankan RebelsCompromiseSri Lankan Civil War
50%
1993-1995Republic of IndiaSomaliaCompromiseSomali Civil War
31%
1961Republic of IndiaPortugalVictoryAnnexation of Goa
25%
1948Dominion of IndiaHyderabadVictoryOperation Polo
25%
1992-1997Republic of IndiaUnited Tajik Opposition
Taliban
VictoryTajikistani Civil War
25%
2009-2016Republic of IndiaSomali PiratesVictoryOperation Ocean Shield
19%
1986Republic of IndiaSeychelles MilitaryVictoryOperation Flowers are Blooming
17%
1988Republic of IndiaMaldivian RebelsVictoryOperation Cactus
14%
2001Republic of IndiaBangladeshStatus QuoIndia-Bangladesh Border Clashes
11%
1947Dominion of IndiaJunadaghVictoryIntegration of Junadagh
8%
1954Republic of IndiaPortugalVictoryIntegration of Dadra and Nagar Haveli
6%

Score Distribution

Percentile by Number Answered

Percent of People with Each Score

Your Score History

You have not taken this quiz